Tappi.
| New Title: | Pearl, Irwin A. Annual review of lignin chemistry Tappi journal |
|---|---|
| Previous Title: | TAPPI bulletin Technical Association of the Pulp and Paper Industry. Technical Association papers |
| Corporate Author: | |
| Other Authors: | |
| Format: | Journal |
| Language: | English |
| Published: |
Atlanta, Ga. :
Technical Association of the Pulp and Paper Industry,
1949-
|
| Subjects: | |
| Online Availability: |
|
MARC
| Tag | First Indicator | Second Indicator | Subfields |
|---|---|---|---|
| LEADER | 00000cas a2200000 a 4500 | ||
| 001 | in00000045510 | ||
| 008 | 800625d19491982gaumx p 0 a0eng c | ||
| 005 | 20260605211344.1 | ||
| 010 | |a 19005316 |z sn 82001589 | ||
| 012 | |a 3 |k 1 |m 1 | ||
| 016 | 7 | |a 012094752 |2 Uk | |
| 019 | |a 985141638 |a 1053976065 |a 1063582542 |a 1145348595 |a 1242773932 |a 1246498423 |a 1290192806 |a 1502185111 | ||
| 022 | 0 | |a 0039-8241 |2 1 | |
| 023 | 0 | |a 0039-8241 |2 1 | |
| 029 | 1 | |a AU@ |b 000004443190 | |
| 029 | 1 | |a AU@ |b 000044765182 | |
| 029 | 1 | |a AU@ |b 000050760076 | |
| 029 | 1 | |a NLGGC |b 044495676 | |
| 029 | 1 | |a NZ1 |b 12351348 | |
| 029 | 1 | |a NZ1 |b 12592059 | |
| 029 | 1 | |a NZ1 |b 3292088 | |
| 029 | 1 | |a UKMGB |b 012094752 | |
| 029 | 1 | |a ZWZ |b 036504238 | |
| 029 | 1 | |a AU@ |b 000078742668 | |
| 029 | 1 | |a AU@ |b 000078988924 | |
| 029 | 1 | |a AU@ |b 000079037018 | |
| 030 | |a TAPPAP | ||
| 032 | |a 533580 |b USPS | ||
| 035 | |z (OCoLC)985141638 |z (OCoLC)1053976065 |z (OCoLC)1063582542 |z (OCoLC)1145348595 |z (OCoLC)1242773932 |z (OCoLC)1246498423 |z (OCoLC)1290192806 |z (OCoLC)1502185111 | ||
| 035 | |a (OCoLC)6457012 | ||
| 037 | |b Technical Association of the Pulp and Paper Industry, 1 Dunwoody Park, Atlanta, GA 30338 | ||
| 040 | |a PIT |b eng |c PIT |d NYG |d NSD |d DLC |d OCL |d NST |d AIP |d NST |d AIP |d DLC |d AIP |d DLC |d NST |d IUL |d NST |d AGL |d NST |d OCL |d OCLCQ |d LVB |d OCLCQ |d UKMGB |d OCLCF |d OCLCO |d ORZ |d OCLCO |d CSJ |d GILDS |d OCLCO |d OCLCQ |d ORZ |d OCLCA |d AGM |d OCLCQ |d J9U |d CGU |d OCLCL |d OCLCQ | ||
| 042 | |a nsdp |a pcc | ||
| 050 | 0 | 0 | |a TS1080 |b .T3 |
| 210 | 0 | |a Tappi | |
| 222 | 0 | |a Tappi | |
| 245 | 0 | 0 | |a Tappi. |
| 246 | 3 | |a Technical Association of the Pulp and Paper Industry | |
| 264 | 1 | |a Atlanta, Ga. : |b Technical Association of the Pulp and Paper Industry, |c 1949- | |
| 264 | 4 | |c ©1949- | |
| 300 | |a 34 volumes : |b illustrations ; |c 29-31 cm | ||
| 310 | |a Monthly (except semimonthly in Mar.), |b <Jan. 1982-> | ||
| 321 | |a Monthly | ||
| 336 | |a text |b txt |2 rdacontent | ||
| 337 | |a unmediated |b n |2 rdamedia | ||
| 338 | |a volume |b nc |2 rdacarrier | ||
| 362 | 0 | |a [Vol. 32, no. 1] (Jan. 1949)- | |
| 362 | 1 | |a Ceased with: Vol. 65, no. 8 (Aug. 1982). | |
| 510 | 0 | |a Chemical abstracts |x 0009-2258 | |
| 580 | |a Continues the Association's TAPPI bulletin and Technical Association papers, assuming volume numbering of the latter. | ||
| 580 | |a Volumes for 1968-1969 include: Pearl, Irwin A. Annual review of lignin chemistry, subsequently published separately 1970- | ||
| 650 | 0 | |a Paper industry |v Periodicals. | |
| 650 | 7 | |a Paper industry. |2 fast |0 (OCoLC)fst01052447 | |
| 650 | 7 | |a Paper industry |v Periodicals |2 nli | |
| 655 | 7 | |a Periodicals. |2 fast |0 (OCoLC)fst01411641 | |
| 655 | 7 | |a Periodicals. |2 lcgft | |
| 700 | 1 | 2 | |a Pearl, Irwin A. |t Annual review of lignin chemistry. |
| 710 | 2 | |a Technical Association of the Pulp and Paper Industry. |1 https://id.oclc.org/worldcat/entity/E39QH7JmpqT4dyRHD7xTqFmP6g | |
| 776 | 0 | 8 | |i Online version: |t Tappi |w (OCoLC)564245746 |
| 780 | 1 | 0 | |t TAPPI bulletin |w (OCoLC)17942837 |
| 780 | 1 | 0 | |a Technical Association of the Pulp and Paper Industry. |t Technical Association papers |x 0096-4557 |w (DLC)sf 85003009 |w (OCoLC)2450989 |
| 785 | 1 | 1 | |a Pearl, Irwin A. |t Annual review of lignin chemistry |w (OCoLC)9843498 |
| 785 | 0 | 0 | |t Tappi journal |x 0734-1415 |w (DLC) 83642134 |w (OCoLC)8693713 |
| 850 | |a AzU |a CU |a CaNBFU |a CaOPAL |a DLC |a DeU |a FU |a InU |a KPT |a KyLoU |a LU |a MMeT |a NN |a NcRS |a NhU |a NjR |a OU |a OrU |a ScU |a TxDaM |a ViBlbV | ||
| 891 | 2 | 0 | |9 853 |8 1 |a v. |b no. |u 12 |v r |i (year) |j (month) |w m |
| 891 | 4 | 1 | |9 863 |8 1.1 |a 32 |b 1 |i 1949 |
| 936 | |a Unknown |a Jan. 1982 | ||
| 948 | |h NO HOLDINGS IN TXA - 226 OTHER HOLDINGS | ||
| 994 | |a Z0 |b TXA | ||
| 999 | f | f | |s 68e1c23b-f63e-3e21-95c0-c9c7f19cd8ff |i 9ecc16da-c895-3b37-b0a5-fa344135f68f |t 0 |
| 952 | f | f | |a Texas A&M University |b Rellis Campus |c Joint Library Facility |d Remote Storage |e TS1080 .T3 |h Library of Congress classification |i unmediated -- volume |k v.49:no.1-3 |l 1966:Jan.-Mar. |m A14836417606 |p serial |s JLF |t 0 |
| 952 | f | f | |a Texas A&M University |b Rellis Campus |c Joint Library Facility |d Remote Storage |e TS1080 .T3 |h Library of Congress classification |i unmediated -- volume |k v.55:no.1 -v.55:no.4 |l 1972-1972 |m A14813069719 |p serial |s JLF |t 0 |
| 952 | f | f | |a Texas A&M University |b Rellis Campus |c Joint Library Facility |d Remote Storage |e TS1080 .T3 |h Library of Congress classification |i unmediated -- volume |k v.40:no.4-6 |l 1957:Apr.-June |m A14825711631 |p serial |s JLF |t 0 |
| 952 | f | f | |a Texas A&M University |b Rellis Campus |c Joint Library Facility |d Remote Storage |e TS1080 .T3 |h Library of Congress classification |i unmediated -- volume |k v.49:no.9-11:pt.1 |l 1966:Sept.-Nov. |m A14836417517 |p serial |s JLF |t 0 |
| 952 | f | f | |a Texas A&M University |b Rellis Campus |c Joint Library Facility |d Remote Storage |e TS1080 .T3 |h Library of Congress classification |i unmediated -- volume |k v.48:no.6,8 |l 1965:June, Aug. |m A14836417559 |p serial |s JLF |t 0 |
| 952 | f | f | |a Texas A&M University |b Rellis Campus |c Joint Library Facility |d Remote Storage |e TS1080 .T3 |h Library of Congress classification |i unmediated -- volume |k v.61:no.10 -v.61:no.12 |l 1978-1978 |m A14824183518 |p serial |s JLF |t 0 |
| 952 | f | f | |a Texas A&M University |b Rellis Campus |c Joint Library Facility |d Remote Storage |e TS1080 .T3 |h Library of Congress classification |i unmediated -- volume |k v.51:no.1-2 |l 1968:Jan.-Feb. |m A14836417355 |p serial |s JLF |t 0 |
| 952 | f | f | |a Texas A&M University |b Rellis Campus |c Joint Library Facility |d Remote Storage |e TS1080 .T3 |h Library of Congress classification |i unmediated -- volume |k v.55:no.9 -v.55:no.12 |l 1972-1972 |m A14824183372 |p serial |s JLF |t 0 |
| 952 | f | f | |a Texas A&M University |b Rellis Campus |c Joint Library Facility |d Remote Storage |e TS1080 .T3 |h Library of Congress classification |i unmediated -- volume |k v.43:no.7-9 |l 1960:July-Sept. |m A14829764880 |p serial |s JLF |t 0 |
| 952 | f | f | |a Texas A&M University |b Rellis Campus |c Joint Library Facility |d Remote Storage |e TS1080 .T3 |h Library of Congress classification |i unmediated -- volume |k v.48:no.11:pt.1 |l 1965:Nov. |m A14836418369 |p serial |s JLF |t 0 |
| 952 | f | f | |a Texas A&M University |b Rellis Campus |c Joint Library Facility |d Remote Storage |e TS1080 .T3 |h Library of Congress classification |i unmediated -- volume |k v.49:no.5,7 |l 1966:May, July |m A14836417567 |p serial |s JLF |t 0 |
| 952 | f | f | |a Texas A&M University |b Rellis Campus |c Joint Library Facility |d Remote Storage |e TS1080 .T3 |h Library of Congress classification |i unmediated -- volume |k v.44:no.1-3 |l 1961:Jan.-Mar. |m A14824182211 |p serial |s JLF |t 0 |
| 952 | f | f | |a Texas A&M University |b Rellis Campus |c Joint Library Facility |d Remote Storage |e TS1080 .T3 |h Library of Congress classification |i unmediated -- volume |k v.59:no.10-12 |l 1976:Oct.-Dec. |m A14852833020 |p ric |s JLF |t 0 |
| 952 | f | f | |a Texas A&M University |b Rellis Campus |c Joint Library Facility |d Remote Storage |e TS1080 .T3 |h Library of Congress classification |i unmediated -- volume |k v.53:no.1 -v.53:no.6 |l 1970-1970 |m A14813855712 |p serial |s JLF |t 0 |
| 952 | f | f | |a Texas A&M University |b Rellis Campus |c Joint Library Facility |d Remote Storage |e TS1080 .T3 |h Library of Congress classification |i unmediated -- volume |k v.51:no.9-10 |l 1968 |m A14836417397 |p serial |s JLF |t 0 |
| 952 | f | f | |a Texas A&M University |b Rellis Campus |c Joint Library Facility |d Remote Storage |e TS1080 .T3 |h Library of Congress classification |i unmediated -- volume |k v.50:no.8-9 |l 1967:Aug.-Sept. |m A14836417313 |p serial |s JLF |t 0 |
| 952 | f | f | |a Texas A&M University |b Rellis Campus |c Joint Library Facility |d Remote Storage |e TS1080 .T3 |h Library of Congress classification |i unmediated -- volume |k v.60:no.1-3 |l 1977:Jan.-Mar. |m A14852832766 |p ric |s JLF |t 0 |
| 952 | f | f | |a Texas A&M University |b Rellis Campus |c Joint Library Facility |d Remote Storage |e TS1080 .T3 |h Library of Congress classification |i unmediated -- volume |k v.37:no.10-12 |l 1954:Oct.-Dec. |m A14824185081 |p serial |s JLF |t 0 |
| 952 | f | f | |a Texas A&M University |b Rellis Campus |c Joint Library Facility |d Remote Storage |e TS1080 .T3 |h Library of Congress classification |i unmediated -- volume |k v.52:no.8-9 |l 1969:Aug.-Sept. |m A14836417525 |p serial |s JLF |t 0 |
| 952 | f | f | |a Texas A&M University |b Rellis Campus |c Joint Library Facility |d Remote Storage |e TS1080 .T3 |h Library of Congress classification |i unmediated -- volume |k v.60:no.4-6 |l 1977:Apr.-June |m A14852832634 |p ric |s JLF |t 0 |
| 952 | f | f | |a Texas A&M University |b Rellis Campus |c Joint Library Facility |d Remote Storage |e TS1080 .T3 |h Library of Congress classification |i unmediated -- volume |k v.52:no.2-3 |l 1969:Feb.-Mar. |m A14836417486 |p serial |s JLF |t 0 |
| 952 | f | f | |a Texas A&M University |b Rellis Campus |c Joint Library Facility |d Remote Storage |e TS1080 .T3 |h Library of Congress classification |i unmediated -- volume |k v.57:no.5 -v.57:no.8 |l 1974-1974 |m A14823853144 |p serial |s JLF |t 0 |
| 952 | f | f | |a Texas A&M University |b Rellis Campus |c Joint Library Facility |d Remote Storage |e TS1080 .T3 |h Library of Congress classification |i unmediated -- volume |k v.48:no.9 |l 1965:Sept. |m A14836418351 |p serial |s JLF |t 0 |
| 952 | f | f | |a Texas A&M University |b Rellis Campus |c Joint Library Facility |d Remote Storage |e TS1080 .T3 |h Library of Congress classification |i unmediated -- volume |k v.59:no.7-9 |l 1976:July-Sept. |m A14852832899 |p ric |s JLF |t 0 |
| 952 | f | f | |a Texas A&M University |b Rellis Campus |c Joint Library Facility |d Remote Storage |e TS1080 .T3 |h Library of Congress classification |i unmediated -- volume |k v.65:no.7 -v.65:no.9 |l 1982-1982 |m A14807315283 |p serial |s JLF |t 0 |
| 952 | f | f | |a Texas A&M University |b Rellis Campus |c Joint Library Facility |d Remote Storage |e TS1080 .T3 |h Library of Congress classification |i unmediated -- volume |k v.41:no.10-12 |l 1958:Oct.-Dec. |m A14825363022 |p serial |s JLF |t 0 |
| 952 | f | f | |a Texas A&M University |b Rellis Campus |c Joint Library Facility |d Remote Storage |e TS1080 .T3 |h Library of Congress classification |i unmediated -- volume |k v.65:no.4A |l 1982 |m A14808709401 |p serial |s JLF |t 0 |
| 952 | f | f | |a Texas A&M University |b Rellis Campus |c Joint Library Facility |d Remote Storage |e TS1080 .T3 |h Library of Congress classification |i unmediated -- volume |k v.52:no.10-11:pt.1 |l 1969:Oct.-Nov. |m A14836417478 |p serial |s JLF |t 0 |
| 952 | f | f | |a Texas A&M University |b Rellis Campus |c Joint Library Facility |d Remote Storage |e TS1080 .T3 |h Library of Congress classification |i unmediated -- volume |k v.48:no.12 |l 1965:Dec. |m A14836418319 |p serial |s JLF |t 0 |
| 952 | f | f | |a Texas A&M University |b Rellis Campus |c Joint Library Facility |d Remote Storage |e TS1080 .T3 |h Library of Congress classification |i unmediated -- volume |k v.58:no.9 -v.58:no.12 |l 1975-1975 |m A14824183500 |p serial |s JLF |t 0 |
| 952 | f | f | |a Texas A&M University |b Rellis Campus |c Joint Library Facility |d Remote Storage |e TS1080 .T3 |h Library of Congress classification |i unmediated -- volume |k v.52:no.4,6 |l 1969:Apr., June |m A14836417436 |p serial |s JLF |t 0 |
| 998 | f | f | |a TS1080 .T3 |s v.65:no.1-8 (1982:Jan.-Aug.) |t 0 |l Remote Storage |